| 000 | 02100nam a22004215i 4500 | ||
|---|---|---|---|
| 001 | 81564 | ||
| 003 | BD-RjUL | ||
| 005 | 20230712115627.0 | ||
| 008 | 230712s2023 enk||||eo |||| ||eng | ||
| 020 | _a9781292412566 | ||
| 020 | _a129412569 | ||
| 035 | _a(BD-RjUL)81564 | ||
| 040 |
_aUk _beng _cUk _dBD-RjUL |
||
| 041 | _aeng | ||
| 082 |
_223 _a658.1511 _bINT 2023 |
||
| 245 | 1 | 0 |
_aIntroduction to Management Accounting / _cCharles T. Horngren ... [et al.] |
| 250 | _aSeventeenth edition. | ||
| 250 | _aGlobal edition. | ||
| 264 | 1 |
_aHarlow : _bPearson, _c2023. |
|
| 300 |
_a863 pages : _billustrations (chiefly color) ; _c28 cm. |
||
| 336 |
_atext _2rdacontent |
||
| 337 |
_acomputer _2rdamedia |
||
| 338 |
_aonline resource _2rdacarrier |
||
| 500 | _aAcademic | ||
| 505 | 0 | _a<span style="font-size:11.0pt;font-family:"Calibri", sans-serif;mso-ascii-theme-font:minor-latin;mso-hansi-theme-font:minor-latin;mso-bidi-theme-font:minor-latin">I. FOCUS ON DECISION MAKING <span style="font-size:11.0pt;font-family:"Calibri", sans-serif;mso-ascii-theme-font:minor-latin;mso-hansi-theme-font:minor-latin;mso-bidi-theme-font:minor-latin">1. Managerial Accounting, the Business Organization, andProfessional Ethics 2. Introduction to Cost Behavior and Cost-Volume Relationships 3. Measurement of Cost Behavior 4. Cost Management Systems and Activity-Based Costing 5. Relevant Information for Decision Making with a Focus on Pricing Decisions 6. | |
| 540 |
_aRestricted: Printing from this resource is governed by The Legal Deposit Libraries (Non-Print Works) Regulations (UK) and UK copyright law currently in force. _5UkOxU |
||
| 650 | 7 |
_aManagerial accounting _95065 |
|
| 650 | 7 |
_a Cost accounting _98003 |
|
| 650 | 7 |
_aAccounting. _2bicssc |
|
| 700 | 1 |
_aHorngren, Charles T., _eauthor. _98002 |
|
| 700 | 1 |
_aSundem, Gary L., _eauthor. _98004 |
|
| 700 | 1 |
_aStratton, William O., _eauthor. _98005 |
|
| 700 | 1 |
_aBurgstahler, Dave, _eauthor. _98006 |
|
| 700 | 1 |
_aSchatzberg, Jeff O., _eauthor. _98007 |
|
| 942 |
_2ddc _cBK |
||
| 999 |
_c81564 _d81564 |
||